000 01428naa a22003497a 4500
001 BR8204773
003 BR-BrBNA
005 20240918175143.0
007 ta
008 230509b bl.||||| |||| 00| 0 por d
040 _aBR-BrBNA
_bpor
_cBiblioteca Nacional de Agricultura
041 _a(Pt)
072 _aF22
_b3856
_bG514
_bGZ72
090 _aF22 BR8204773
100 1 _aManarino, R.P.
100 1 _aVolkoff, B.
100 1 _aCerri, C.C.
111 1 _aColoquio Regional Sobre Materia Organica do Solo
_cPiracicaba, SP (Brazil)
_d18-22 Oct 1982
245 1 _aComparacao do humus de capoeira e de floresta natural em latossolos amarelos da regiao amazonica, Brasil
260 3 _aPiracicaba, SP (Brasil):
_c1982.
500 _aCerri, C.C.; Vose, P.B.; Athie, D.; Sodrzeieski, D. (eds.) Anais do coloquio regional sobre materia organica do solo Piracicaba, SP (Brasil): 1982. p. 51-57 (BR8204773-AM)F22
650 _aQUIMICA DO SOLO
650 _aHUMUS
650 _aMATERIA ORGANICA
650 _aCAPOEIRA
650 _aLATOSSOLO AMARELO
650 _aFLORESTA
650 _aAMAZONIA
773 0 _tAnais do coloquio regional sobre materia organica do solo
_aCerri, C.C.; Vose, P.B.; Athie, D.; Sodrzeieski, D. (eds.). Centro de Energia Nuclear na Agricultura, Piracicaba, SP (Brasil)
_wF22 BR8204773
_gPiracicaba, SP (Brasil), 1982. p. 51-57
909 _a202404
_bLucia
_c55
_dLucia Elande
942 _cAM
_2AGRIS
999 _c315288
_d315288